<?xml version="1.0" encoding="UTF-8"?>
<record
    xmlns:xsi="http://www.w3.org/2001/XMLSchema-instance"
    xsi:schemaLocation="http://www.loc.gov/MARC21/slim http://www.loc.gov/standards/marcxml/schema/MARC21slim.xsd"
    xmlns="http://www.loc.gov/MARC21/slim">

  <leader>00396nam a2200169Ia 4500</leader>
  <controlfield tag="008">230524s9999    xx            000 0 und d</controlfield>
  <datafield tag="020" ind1=" " ind2=" ">
    <subfield code="a">9780070702769</subfield>
  </datafield>
  <datafield tag="082" ind1=" " ind2=" ">
    <subfield code="a">624.171</subfield>
    <subfield code="b">RED</subfield>
  </datafield>
  <datafield tag="100" ind1=" " ind2=" ">
    <subfield code="a">C.S.Reddy</subfield>
  </datafield>
  <datafield tag="245" ind1=" " ind2="0">
    <subfield code="a">Basic Structural Analysis</subfield>
  </datafield>
  <datafield tag="250" ind1=" " ind2=" ">
    <subfield code="a">3</subfield>
  </datafield>
  <datafield tag="260" ind1=" " ind2=" ">
    <subfield code="a">New Delhi</subfield>
    <subfield code="b">TMH</subfield>
    <subfield code="c">2015</subfield>
  </datafield>
  <datafield tag="300" ind1=" " ind2=" ">
    <subfield code="a">"xix,838p;"</subfield>
  </datafield>
  <datafield tag="500" ind1=" " ind2=" ">
    <subfield code="a">Quantity Number:  27</subfield>
  </datafield>
  <datafield tag="650" ind1=" " ind2=" ">
    <subfield code="a">Civil</subfield>
  </datafield>
  <datafield tag="942" ind1=" " ind2=" ">
    <subfield code="c">BK</subfield>
  </datafield>
  <datafield tag="952" ind1=" " ind2=" ">
    <subfield code="0">0</subfield>
    <subfield code="1">0</subfield>
    <subfield code="4">0</subfield>
    <subfield code="7">0</subfield>
    <subfield code="a">TATCL</subfield>
    <subfield code="b">TATCL</subfield>
    <subfield code="c">GEN</subfield>
    <subfield code="d">2023-05-24</subfield>
    <subfield code="l">0</subfield>
    <subfield code="o">624.171 RED</subfield>
    <subfield code="p">52949</subfield>
    <subfield code="r">2023-05-24</subfield>
    <subfield code="w">2023-05-24</subfield>
    <subfield code="y">BK</subfield>
  </datafield>
  <datafield tag="952" ind1=" " ind2=" ">
    <subfield code="0">0</subfield>
    <subfield code="1">0</subfield>
    <subfield code="4">0</subfield>
    <subfield code="7">0</subfield>
    <subfield code="a">TATCL</subfield>
    <subfield code="b">TATCL</subfield>
    <subfield code="c">GEN</subfield>
    <subfield code="d">2023-05-24</subfield>
    <subfield code="l">0</subfield>
    <subfield code="o">624.171 RED</subfield>
    <subfield code="p">52950</subfield>
    <subfield code="r">2023-05-24</subfield>
    <subfield code="w">2023-05-24</subfield>
    <subfield code="y">BK</subfield>
  </datafield>
  <datafield tag="952" ind1=" " ind2=" ">
    <subfield code="0">0</subfield>
    <subfield code="1">0</subfield>
    <subfield code="4">0</subfield>
    <subfield code="7">0</subfield>
    <subfield code="a">TATCL</subfield>
    <subfield code="b">TATCL</subfield>
    <subfield code="c">GEN</subfield>
    <subfield code="d">2023-05-24</subfield>
    <subfield code="l">0</subfield>
    <subfield code="o">624.171 RED</subfield>
    <subfield code="p">53071</subfield>
    <subfield code="r">2023-05-24</subfield>
    <subfield code="w">2023-05-24</subfield>
    <subfield code="y">BK</subfield>
  </datafield>
  <datafield tag="952" ind1=" " ind2=" ">
    <subfield code="0">0</subfield>
    <subfield code="1">0</subfield>
    <subfield code="4">0</subfield>
    <subfield code="7">0</subfield>
    <subfield code="a">TATCL</subfield>
    <subfield code="b">TATCL</subfield>
    <subfield code="c">GEN</subfield>
    <subfield code="d">2023-05-24</subfield>
    <subfield code="l">1</subfield>
    <subfield code="o">624.171 RED</subfield>
    <subfield code="p">53072</subfield>
    <subfield code="q">2019-04-04</subfield>
    <subfield code="r">2024-01-25</subfield>
    <subfield code="s">2024-01-25</subfield>
    <subfield code="w">2023-05-24</subfield>
    <subfield code="y">BK</subfield>
  </datafield>
  <datafield tag="952" ind1=" " ind2=" ">
    <subfield code="0">0</subfield>
    <subfield code="1">0</subfield>
    <subfield code="4">0</subfield>
    <subfield code="7">0</subfield>
    <subfield code="a">TATCL</subfield>
    <subfield code="b">TATCL</subfield>
    <subfield code="c">GEN</subfield>
    <subfield code="d">2023-05-24</subfield>
    <subfield code="l">0</subfield>
    <subfield code="o">624.171 RED</subfield>
    <subfield code="p">53073</subfield>
    <subfield code="r">2023-05-24</subfield>
    <subfield code="w">2023-05-24</subfield>
    <subfield code="y">BK</subfield>
  </datafield>
  <datafield tag="952" ind1=" " ind2=" ">
    <subfield code="0">0</subfield>
    <subfield code="1">0</subfield>
    <subfield code="4">0</subfield>
    <subfield code="7">0</subfield>
    <subfield code="a">TATCL</subfield>
    <subfield code="b">TATCL</subfield>
    <subfield code="c">GEN</subfield>
    <subfield code="d">2023-05-24</subfield>
    <subfield code="l">0</subfield>
    <subfield code="o">624.171 RED</subfield>
    <subfield code="p">53074</subfield>
    <subfield code="r">2023-05-24</subfield>
    <subfield code="w">2023-05-24</subfield>
    <subfield code="y">BK</subfield>
  </datafield>
  <datafield tag="952" ind1=" " ind2=" ">
    <subfield code="0">0</subfield>
    <subfield code="1">0</subfield>
    <subfield code="4">0</subfield>
    <subfield code="7">0</subfield>
    <subfield code="a">TATCL</subfield>
    <subfield code="b">TATCL</subfield>
    <subfield code="c">GEN</subfield>
    <subfield code="d">2023-05-24</subfield>
    <subfield code="l">0</subfield>
    <subfield code="o">624.171 RED</subfield>
    <subfield code="p">53075</subfield>
    <subfield code="r">2023-05-24</subfield>
    <subfield code="w">2023-05-24</subfield>
    <subfield code="y">BK</subfield>
  </datafield>
  <datafield tag="952" ind1=" " ind2=" ">
    <subfield code="0">0</subfield>
    <subfield code="1">0</subfield>
    <subfield code="4">0</subfield>
    <subfield code="7">0</subfield>
    <subfield code="a">TATCL</subfield>
    <subfield code="b">TATCL</subfield>
    <subfield code="c">GEN</subfield>
    <subfield code="d">2023-05-24</subfield>
    <subfield code="l">0</subfield>
    <subfield code="o">624.171 RED</subfield>
    <subfield code="p">53076</subfield>
    <subfield code="r">2023-05-24</subfield>
    <subfield code="w">2023-05-24</subfield>
    <subfield code="y">BK</subfield>
  </datafield>
  <datafield tag="952" ind1=" " ind2=" ">
    <subfield code="0">0</subfield>
    <subfield code="1">0</subfield>
    <subfield code="4">0</subfield>
    <subfield code="7">0</subfield>
    <subfield code="a">TATCL</subfield>
    <subfield code="b">TATCL</subfield>
    <subfield code="c">GEN</subfield>
    <subfield code="d">2023-05-24</subfield>
    <subfield code="l">0</subfield>
    <subfield code="o">624.171 RED</subfield>
    <subfield code="p">53077</subfield>
    <subfield code="r">2023-05-24</subfield>
    <subfield code="w">2023-05-24</subfield>
    <subfield code="y">BK</subfield>
  </datafield>
  <datafield tag="952" ind1=" " ind2=" ">
    <subfield code="0">0</subfield>
    <subfield code="1">0</subfield>
    <subfield code="4">0</subfield>
    <subfield code="7">0</subfield>
    <subfield code="a">TATCL</subfield>
    <subfield code="b">TATCL</subfield>
    <subfield code="c">GEN</subfield>
    <subfield code="d">2023-05-24</subfield>
    <subfield code="l">0</subfield>
    <subfield code="o">624.171 RED</subfield>
    <subfield code="p">53078</subfield>
    <subfield code="r">2023-05-24</subfield>
    <subfield code="w">2023-05-24</subfield>
    <subfield code="y">BK</subfield>
  </datafield>
  <datafield tag="952" ind1=" " ind2=" ">
    <subfield code="0">0</subfield>
    <subfield code="1">0</subfield>
    <subfield code="4">0</subfield>
    <subfield code="7">0</subfield>
    <subfield code="a">TATCL</subfield>
    <subfield code="b">TATCL</subfield>
    <subfield code="c">GEN</subfield>
    <subfield code="d">2023-05-24</subfield>
    <subfield code="l">0</subfield>
    <subfield code="o">624.171 RED</subfield>
    <subfield code="p">53079</subfield>
    <subfield code="r">2023-05-24</subfield>
    <subfield code="w">2023-05-24</subfield>
    <subfield code="y">BK</subfield>
  </datafield>
  <datafield tag="952" ind1=" " ind2=" ">
    <subfield code="0">0</subfield>
    <subfield code="1">0</subfield>
    <subfield code="4">0</subfield>
    <subfield code="7">0</subfield>
    <subfield code="a">TATCL</subfield>
    <subfield code="b">TATCL</subfield>
    <subfield code="c">GEN</subfield>
    <subfield code="d">2023-05-24</subfield>
    <subfield code="l">0</subfield>
    <subfield code="o">624.171 RED</subfield>
    <subfield code="p">53080</subfield>
    <subfield code="r">2023-05-24</subfield>
    <subfield code="w">2023-05-24</subfield>
    <subfield code="y">BK</subfield>
  </datafield>
  <datafield tag="952" ind1=" " ind2=" ">
    <subfield code="0">0</subfield>
    <subfield code="1">0</subfield>
    <subfield code="4">0</subfield>
    <subfield code="7">0</subfield>
    <subfield code="a">TATCL</subfield>
    <subfield code="b">TATCL</subfield>
    <subfield code="c">GEN</subfield>
    <subfield code="d">2023-05-24</subfield>
    <subfield code="l">0</subfield>
    <subfield code="o">624.171 RED</subfield>
    <subfield code="p">53081</subfield>
    <subfield code="r">2023-05-24</subfield>
    <subfield code="w">2023-05-24</subfield>
    <subfield code="y">BK</subfield>
  </datafield>
  <datafield tag="952" ind1=" " ind2=" ">
    <subfield code="0">0</subfield>
    <subfield code="1">0</subfield>
    <subfield code="4">0</subfield>
    <subfield code="7">0</subfield>
    <subfield code="a">TATCL</subfield>
    <subfield code="b">TATCL</subfield>
    <subfield code="c">GEN</subfield>
    <subfield code="d">2023-05-24</subfield>
    <subfield code="l">0</subfield>
    <subfield code="o">624.171 RED</subfield>
    <subfield code="p">53082</subfield>
    <subfield code="r">2023-05-24</subfield>
    <subfield code="w">2023-05-24</subfield>
    <subfield code="y">BK</subfield>
  </datafield>
  <datafield tag="952" ind1=" " ind2=" ">
    <subfield code="0">0</subfield>
    <subfield code="1">0</subfield>
    <subfield code="4">0</subfield>
    <subfield code="7">0</subfield>
    <subfield code="a">TATCL</subfield>
    <subfield code="b">TATCL</subfield>
    <subfield code="c">GEN</subfield>
    <subfield code="d">2023-05-24</subfield>
    <subfield code="l">0</subfield>
    <subfield code="o">624.171 RED</subfield>
    <subfield code="p">53083</subfield>
    <subfield code="r">2023-05-24</subfield>
    <subfield code="w">2023-05-24</subfield>
    <subfield code="y">BK</subfield>
  </datafield>
  <datafield tag="952" ind1=" " ind2=" ">
    <subfield code="0">0</subfield>
    <subfield code="1">0</subfield>
    <subfield code="4">0</subfield>
    <subfield code="7">0</subfield>
    <subfield code="a">TATCL</subfield>
    <subfield code="b">TATCL</subfield>
    <subfield code="c">GEN</subfield>
    <subfield code="d">2023-05-24</subfield>
    <subfield code="l">0</subfield>
    <subfield code="o">624.171 RED</subfield>
    <subfield code="p">53084</subfield>
    <subfield code="r">2023-05-24</subfield>
    <subfield code="w">2023-05-24</subfield>
    <subfield code="y">BK</subfield>
  </datafield>
  <datafield tag="952" ind1=" " ind2=" ">
    <subfield code="0">0</subfield>
    <subfield code="1">0</subfield>
    <subfield code="4">0</subfield>
    <subfield code="7">0</subfield>
    <subfield code="a">TATCL</subfield>
    <subfield code="b">TATCL</subfield>
    <subfield code="c">GEN</subfield>
    <subfield code="d">2023-05-24</subfield>
    <subfield code="l">0</subfield>
    <subfield code="o">624.171 RED</subfield>
    <subfield code="p">53085</subfield>
    <subfield code="r">2023-05-24</subfield>
    <subfield code="w">2023-05-24</subfield>
    <subfield code="y">BK</subfield>
  </datafield>
  <datafield tag="952" ind1=" " ind2=" ">
    <subfield code="0">0</subfield>
    <subfield code="1">0</subfield>
    <subfield code="4">0</subfield>
    <subfield code="7">0</subfield>
    <subfield code="a">TATCL</subfield>
    <subfield code="b">TATCL</subfield>
    <subfield code="c">GEN</subfield>
    <subfield code="d">2023-05-24</subfield>
    <subfield code="l">0</subfield>
    <subfield code="o">624.171 RED</subfield>
    <subfield code="p">53086</subfield>
    <subfield code="r">2023-05-24</subfield>
    <subfield code="w">2023-05-24</subfield>
    <subfield code="y">BK</subfield>
  </datafield>
  <datafield tag="952" ind1=" " ind2=" ">
    <subfield code="0">0</subfield>
    <subfield code="1">0</subfield>
    <subfield code="4">0</subfield>
    <subfield code="7">0</subfield>
    <subfield code="a">TATCL</subfield>
    <subfield code="b">TATCL</subfield>
    <subfield code="c">GEN</subfield>
    <subfield code="d">2023-05-24</subfield>
    <subfield code="l">1</subfield>
    <subfield code="o">624.171 RED</subfield>
    <subfield code="p">53087</subfield>
    <subfield code="q">2017-05-30</subfield>
    <subfield code="r">2024-02-02</subfield>
    <subfield code="s">2024-02-02</subfield>
    <subfield code="w">2023-05-24</subfield>
    <subfield code="y">BK</subfield>
  </datafield>
  <datafield tag="952" ind1=" " ind2=" ">
    <subfield code="0">0</subfield>
    <subfield code="1">0</subfield>
    <subfield code="4">0</subfield>
    <subfield code="7">0</subfield>
    <subfield code="a">TATCL</subfield>
    <subfield code="b">TATCL</subfield>
    <subfield code="c">GEN</subfield>
    <subfield code="d">2023-05-24</subfield>
    <subfield code="l">0</subfield>
    <subfield code="o">624.171 RED</subfield>
    <subfield code="p">53088</subfield>
    <subfield code="r">2023-05-24</subfield>
    <subfield code="w">2023-05-24</subfield>
    <subfield code="y">BK</subfield>
  </datafield>
  <datafield tag="952" ind1=" " ind2=" ">
    <subfield code="0">0</subfield>
    <subfield code="1">0</subfield>
    <subfield code="4">0</subfield>
    <subfield code="7">0</subfield>
    <subfield code="a">TATCL</subfield>
    <subfield code="b">TATCL</subfield>
    <subfield code="c">GEN</subfield>
    <subfield code="d">2023-05-24</subfield>
    <subfield code="l">0</subfield>
    <subfield code="o">624.171 RED</subfield>
    <subfield code="p">53089</subfield>
    <subfield code="r">2023-05-24</subfield>
    <subfield code="w">2023-05-24</subfield>
    <subfield code="y">BK</subfield>
  </datafield>
  <datafield tag="952" ind1=" " ind2=" ">
    <subfield code="0">0</subfield>
    <subfield code="1">0</subfield>
    <subfield code="4">0</subfield>
    <subfield code="7">0</subfield>
    <subfield code="a">TATCL</subfield>
    <subfield code="b">TATCL</subfield>
    <subfield code="c">GEN</subfield>
    <subfield code="d">2023-05-24</subfield>
    <subfield code="l">0</subfield>
    <subfield code="o">624.171 RED</subfield>
    <subfield code="p">53090</subfield>
    <subfield code="r">2023-05-24</subfield>
    <subfield code="w">2023-05-24</subfield>
    <subfield code="y">BK</subfield>
  </datafield>
  <datafield tag="952" ind1=" " ind2=" ">
    <subfield code="0">0</subfield>
    <subfield code="1">0</subfield>
    <subfield code="4">0</subfield>
    <subfield code="7">0</subfield>
    <subfield code="a">TATCL</subfield>
    <subfield code="b">TATCL</subfield>
    <subfield code="c">GEN</subfield>
    <subfield code="d">2023-05-24</subfield>
    <subfield code="l">0</subfield>
    <subfield code="o">624.171 RED</subfield>
    <subfield code="p">53091</subfield>
    <subfield code="r">2023-05-24</subfield>
    <subfield code="w">2023-05-24</subfield>
    <subfield code="y">BK</subfield>
  </datafield>
  <datafield tag="952" ind1=" " ind2=" ">
    <subfield code="0">0</subfield>
    <subfield code="1">0</subfield>
    <subfield code="4">0</subfield>
    <subfield code="7">0</subfield>
    <subfield code="a">TATCL</subfield>
    <subfield code="b">TATCL</subfield>
    <subfield code="c">GEN</subfield>
    <subfield code="d">2023-05-24</subfield>
    <subfield code="l">0</subfield>
    <subfield code="o">624.171 RED</subfield>
    <subfield code="p">53092</subfield>
    <subfield code="r">2023-05-24</subfield>
    <subfield code="w">2023-05-24</subfield>
    <subfield code="y">BK</subfield>
  </datafield>
  <datafield tag="952" ind1=" " ind2=" ">
    <subfield code="0">0</subfield>
    <subfield code="1">0</subfield>
    <subfield code="4">0</subfield>
    <subfield code="7">0</subfield>
    <subfield code="a">TATCL</subfield>
    <subfield code="b">TATCL</subfield>
    <subfield code="c">GEN</subfield>
    <subfield code="d">2023-05-24</subfield>
    <subfield code="l">0</subfield>
    <subfield code="o">624.171 RED</subfield>
    <subfield code="p">53093</subfield>
    <subfield code="r">2023-05-24</subfield>
    <subfield code="w">2023-05-24</subfield>
    <subfield code="y">BK</subfield>
  </datafield>
  <datafield tag="952" ind1=" " ind2=" ">
    <subfield code="0">0</subfield>
    <subfield code="1">0</subfield>
    <subfield code="4">0</subfield>
    <subfield code="7">0</subfield>
    <subfield code="a">TATCL</subfield>
    <subfield code="b">TATCL</subfield>
    <subfield code="c">GEN</subfield>
    <subfield code="d">2023-05-24</subfield>
    <subfield code="l">0</subfield>
    <subfield code="o">624.171 RED</subfield>
    <subfield code="p">53094</subfield>
    <subfield code="r">2023-05-24</subfield>
    <subfield code="w">2023-05-24</subfield>
    <subfield code="y">BK</subfield>
  </datafield>
  <datafield tag="952" ind1=" " ind2=" ">
    <subfield code="0">0</subfield>
    <subfield code="1">0</subfield>
    <subfield code="4">0</subfield>
    <subfield code="7">0</subfield>
    <subfield code="a">TATCL</subfield>
    <subfield code="b">TATCL</subfield>
    <subfield code="c">GEN</subfield>
    <subfield code="d">2023-05-24</subfield>
    <subfield code="l">0</subfield>
    <subfield code="o">624.171 RED</subfield>
    <subfield code="p">53095</subfield>
    <subfield code="r">2023-05-24</subfield>
    <subfield code="w">2023-05-24</subfield>
    <subfield code="y">BK</subfield>
  </datafield>
  <datafield tag="999" ind1=" " ind2=" ">
    <subfield code="c">55569</subfield>
    <subfield code="d">55569</subfield>
  </datafield>
</record>
